000 00832nam a2200301 a 4500
001 000108406
003 CHAP
005 20220329144011.0
008 140207s2012 flua |r| |||1|||eng|d
010 _a104868
011 _a105840
020 _a9781439856864
040 _cCHAP
082 0 4 _a581.632
_bS63
100 1 _aSmall, Ernest
_9125380
245 1 0 _aTop 100 exotic food plants /
_cpor Ernest Small.
260 3 _aBoca Raton Fl. :
_bCRC Press,
_c2012.
300 _al, 658 p. :
_bil.
504 _aIncluye: Apendice e index
590 _aBATCH-UPD
_b05
_c20140207
_lUCH01
_h1154
590 _aE792CSJ
_b05
_c20140207
_lUCH01
_h1154
650 1 4 _aCultivos alimenticios.
_9125381
650 1 4 _aCultivos
_xVariedades.
_930332
650 1 4 _aPlantas comestibles.
_988906
901 _aBK
942 _cLIBRO
942 _n0
999 _c104868
_d104868